| 000 | 01753ntm a2200265 4500 | ||
|---|---|---|---|
| 001 | 35660 | ||
| 003 | BD-RjUL | ||
| 005 | 20211209052347.0 | ||
| 008 | 140518s2012 bg ||||| mb|| 00| 0 ben d | ||
| 035 | _a(BD-RjUL)35755 | ||
| 040 |
_aBD-RjUL _bben _cBD-RjUL _dBD-RjUL |
||
| 041 | _aben | ||
| 082 |
_223 _a181.07092 _bRAK 2012 |
||
| 100 |
_aরহমান, মো. মজিবর _974802 |
||
| 245 |
_aখানবাহাদুর আহ্ছানউল্লাহর জীবন ও দর্শন চিন্তায় সূফী উপাদান / _cমো. মজিবর রহমান ; _6তত্ত্বাবধায়ক : আব্দুল হাই তালুকদার. |
||
| 260 |
_aরাজশাহী : _bদর্শন বিভাগ, রাজশাহী বিশ্ববিদ্যালয়, _c২০১২ |
||
| 300 |
_aix, ২৭২ পাতা : _c২৯ সেসি. _bচিত্র ; |
||
| 502 | _aথিসিস (পিএইচ. ডি.)-- কলা অনুষদ, দর্শন বিভাগ, রাজশাহী বিশ্ববিদ্যালয়, ২০১২. | ||
| 504 | _aগ্রন্থপঞ্জি: পাতা [২৬৮] -২৭২ | ||
| 600 |
_aআহ্ছানউল্লাহ, _cখানবাহাদুর _d১৮৭৩-১৯৬৫ _xজীবনী _zবাংলাদেশ _9244091 |
||
| 650 |
_aইসলামিক দার্শনিক _vজীবনী _zবাংলাদেশ _9108571 |
||
| 650 |
_a শিক্ষাবিদ _vজীবনী _zবাংলাদেশ _9108602 |
||
| 700 |
_aতালুকদার, আব্দুল হাই , তত্ত্বাবধায়ক . _9104279 |
||
| 942 |
_2ddc _cTHE |
||
| 999 |
_c35660 _d35660 |
||